000 00562nam a2200241Ia 4500
005 20250425162010.0
008 250425s9999 xx 000 0 und d
020 _a8486153166
041 _aspa
082 _a621.402
100 _aARCO VICENTE, LUIS DEL
245 0 _aTERMOTECNIA: CALOR INDUSTRIAL
250 _a1A ED.
260 _aBARCELONA
260 _aEspaƱa
_bMITRE
_c1984
300 _a391
650 _aCALOR
650 _aCONDUCCION DE CALOR
650 _aENERGIA TERMICA
650 _aTERMOTECNIA
942 _c01
010 _a39437
999 _c220367
_d220367